[Event "Weekend Groninger Combinatie 2019"]
[Site "Groningen"]
[Date "2019.05.31"]
[Round "2.8"]
[White "Hoeksema, Hendrik Pieter"]
[Black "Van Hamond, Fons"]
[Result "1-0"]
[WhiteElo "2349"]
[BlackElo "1998"]
[Annotator "TA"]
[PlyCount "49"]
[EventDate "2019.05.30"]
[EventType "swiss"]
[EventCountry "NED"]
[SourceTitle "playchess.com"]
[Source "ChessBase"]
[SourceQuality "1"]

{[%evp 9,49,-2,-5,0,-4,-6,20,13,17,17,18,0,0,0,5,0,0,0,0,-2,2,6,14,19,14,18,20,14,111,105,96,95,108,113,108,105,102,113,102,116,352,336]} 1. e4 c5 2. Nf3 d6 3. c3 Nf6 4. h3 Nc6 5. Bd3 d5 6. exd5 {B50: Sicilian: 2...d6, Miscellaneous} (6. e5 Nd7 7. Qe2 e6 8. O-O Qc7 9. Bb5 a6 10. Bxc6 Qxc6 11. d4 Be7 12. Bg5 Bxg5 13. Nxg5 h6 14. Nf3 b6 15. Nbd2 {½-½ (29) Safarli,E (2676)-Kryakvin,D (2595) Hoogeveen 2018}) 6... Qxd5 7. Qe2 Bf5 8. Bc4 {The position is equal.} Qd6 9. O-O e6 10. Rd1 $146 ({Predecessor:} 10. d4 Be7 11. dxc5 Qxc5 12. Be3 Qa5 13. Nbd2 O-O 14. Nb3 Qc7 15. Nfd4 Be4 16. Bg5 Nxd4 17. Nxd4 {1-0 (17) Alvarez Pedraza,A (2513)-Barrientos Chavarriaga,S (2459) Bogota 2012}) 10... Be7 11. d4 Rd8 12. Bb3 O-O 13. Be3 cxd4 14. Nxd4 Nxd4 15. Bxd4 Qc6 16. Nd2 {[%cal Bb1d2,Bd2f3,Bf3d4,Bd4c6][%mdl 32]} Bc5 17. Nf3 Bxd4 18. Nxd4 Qe4 {[#]} (18... Qc5 $11 {remains equal.}) 19. Qb5 $1 $16 a6 20. Qb6 Nd5 21. Qxb7 {Threatens to win with Bc2.} Nxc3 22. Qxe4 Nxe4 23. Nc6 Rxd1+ 24. Rxd1 g6 $2 {[#]} (24... Ra8 $16) 25. g4 {Accuracy: White = 80%, Black = 57%.} 1-0

[Event "Weekend Groninger Combinatie 2019"]
[Site "Groningen"]
[Date "2019.05.31"]
[Round "2.9"]
[White "Hilwerda, Jonas"]
[Black "Wuijts, Johan"]
[Result "1/2-1/2"]
[WhiteElo "2317"]
[BlackElo "1969"]
[Annotator "TA"]
[PlyCount "81"]
[EventDate "2019.05.30"]
[EventType "swiss"]
[EventCountry "NED"]
[SourceTitle "playchess.com"]
[Source "ChessBase"]
[SourceQuality "1"]

{[%evp 11,81,12,12,12,34,35,33,23,69,62,50,40,75,36,39,39,34,29,27,25,36,38,52,57,50,50,47,0,42,22,14,0,0,-20,-8,0,0,-23,0,0,12,13,16,1,1,1,14,0,1,1,1,1,1,1,1,1,1,0,0,0,0,0,0,0,0,0,0,0,0,0,0,0]} 1. e4 e6 2. d4 d5 3. exd5 exd5 4. Nf3 Bd6 5. c4 Nf6 6. c5 Be7 7. Qa4+ {C01: French: Exchange Variation} c6 8. Bd3 O-O 9. O-O {White is slightly better.} Nbd7 10. Nc3 Re8 11. h3 $146 ({Predecessor:} 11. Bf4 Nf8 12. h3 Ne6 13. Bh2 Nh5 14. Rfe1 Nhf4 {1-0 (45) Bacrot,E (2725)-Socko,B (2593) Riadh 2017}) 11... Bf8 12. Qc2 g6 13. Bg5 Bg7 14. Rae1 (14. Be3 {keeps more tension.} Nf8 15. Rfe1 Ne6 16. b4 Nh5 17. Ne2) 14... Rxe1 15. Rxe1 Nf8 16. Ne2 Qa5 17. Bd2 Qc7 18. Bf4 Qa5 19. Bd2 Qc7 20. Ne5 N6d7 21. f4 Nxe5 22. fxe5 Ne6 23. Rf1 Qe7 24. Be3 Bd7 25. Nf4 {The position is equal.} Rf8 26. Nxe6 Bxe6 27. Qd2 f6 28. exf6 $1 Bxf6 29. Bc2 Bg7 30. Rxf8+ Qxf8 31. Qf2 Bf5 32. Bxf5 Qxf5 33. Qxf5 gxf5 $11 {[%mdl 4096] Endgame KB-KB} 34. Kf1 f4 35. Bf2 Kf7 36. Ke2 Ke6 37. Kf3 Kf5 38. b4 Bf6 39. Bg1 Bg7 40. a4 a6 41. Bf2 {Accuracy: White = 59%, Black = 66%.} 1/2-1/2

[Event "Weekend Groninger Combinatie 2019"]
[Site "Groningen"]
[Date "2019.05.31"]
[Round "2.10"]
[White "Wempe, Joost"]
[Black "Pellikaan, Govert"]
[Result "1-0"]
[WhiteElo "2261"]
[BlackElo "1980"]
[Annotator "RC"]
[PlyCount "51"]
[EventDate "2019.05.30"]
[EventType "swiss"]
[EventCountry "NED"]
[SourceTitle "playchess.com"]
[Source "ChessBase"]
[SourceQuality "1"]
[TimeControl "5400+30"]

1. d4 {[%emt 0:00:00]} Nf6 {[%emt 0:00:00]} 2. c4 {[%emt 0:00:00]} g6 {[%emt 0:00:00]} 3. Nc3 {[%emt 0:00:00]} d5 {[%emt 0:00:17]} 4. cxd5 {[%emt 0:00:00]} Nxd5 {[%emt 0:00:05]} 5. e4 {[%emt 0:00:00]} Nxc3 {[%emt 0:00:08]} 6. bxc3 {[%emt 0:00:05]} c5 {[%emt 0:00:22]} 7. Be3 {[%emt 0:02:56]} Bg7 {[%emt 0:00:17]} 8. Qd2 {[%emt 0:03:49]} O-O {[%emt 0:02:48]} 9. Rc1 {[%emt 0:09:55]} Qa5 {[%emt 0:02:29]} 10. d5 {[%emt 0:04:34]} Rd8 {[%emt 0:00:37]} 11. Bg5 {[%emt 0:15:20]} h6 {[%emt 0:00:45]} 12. Bxh6 {[%emt 0:09:37]} e6 {[%emt 0:17:36]} 13. Bxg7 {[%emt 0:12:00]} Kxg7 {[%emt 0:00:02]} 14. d6 {[%emt 0:02:32]} Nc6 {[%emt 0:10:24]} 15. h4 {[%emt 0:01:07]} b6 {[%emt 0:10:47]} 16. h5 {[%emt 0:03:37]} Rh8 {[%emt 0:02:25]} 17. h6+ {[%emt 0:05:14]} Kh7 {[%emt 0:01:32]} 18. Qf4 {[%emt 0:01:10]} f5 {[%emt 0:07:09]} 19. e5 {[%emt 0:02:20]} c4 {[%emt 0:07:19]} 20. Nf3 {[%emt 0:00:28]} Rf8 {[%emt 0:00:42]} 21. Bxc4 {[%emt 0:02:24]} Kh8 {[%emt 0:00:18]} 22. Qg3 {[%emt 0:05:31]} Rb8 {[%emt 0:11:01]} 23. O-O {[%emt 0:01:11]} Kh7 {[%emt 0:01:43]} 24. Ng5+ {[%emt 0:02:46]} Kxh6 {[%emt 0:01:20]} 25. Qh4+ {[%emt 0:00:09]} Kg7 {[%emt 0:00:38]} 26. Qh7# {[%emt 0:16:15]} 1-0

[Event "Weekend Groninger Combinatie 2019"]
[Site "Groningen"]
[Date "2019.05.31"]
[Round "2.11"]
[White "Schulz, Daniel"]
[Black "Torensma, Jan"]
[Result "1-0"]
[WhiteElo "2092"]
[BlackElo "1809"]
[Annotator "NA RC"]
[PlyCount "67"]
[EventDate "2019.05.30"]
[EventType "swiss"]
[EventCountry "NED"]
[SourceTitle "playchess.com"]
[Source "ChessBase"]
[SourceQuality "1"]
[TimeControl "5400+30"]

1. d4 {[%emt 0:33:31]} f5 2. g3 {[%emt 0:00:30]} Nf6 3. Bg2 {[%emt 0:00:30]} d6 4. Nf3 {[%emt 0:00:30]} g6 5. O-O {[%emt 0:00:30]} Bg7 6. b3 {[%emt 0:00:30]} O-O 7. Bb2 {[%emt 0:00:30]} c6 8. c4 {[%emt 0:00:30]} Na6 9. Nbd2 {[%emt 0:00:30]} Nh5 {A87: Dutch Defence: Leningrad System: 5 Nf3} (9... e5 10. dxe5 Nd7 11. Ba3 c5 12. e6 Nb6 13. Qc2 Bxe6 14. Rad1 Qe7 15. Bb2 Nb4 16. Qb1 Rad8 17. Bxg7 Qxg7 {1-0 (59) Korobov,A (2695)-Anton Guijarro,D (2679) Poikovsky 2017}) 10. Qc1 {[%emt 0:00:30]} Qc7 $146 ({Predecessor:} 10... h6 11. d5 Qe8 12. dxc6 bxc6 13. e4 e5 14. Ba3 Rf6 15. Qc3 g5 16. h3 g4 17. Nh2 gxh3 18. Bxh3 {1-0 (34) Renk,C-Beyer,T Recklinghausen 1999}) 11. d5 {[%emt 0:00:30]} e5 12. dxe6 {[%emt 0:00:30]} Bxe6 13. Nd4 {[%emt 0:00:30]} Bf7 14. e3 {[%emt 0:00:30]} Nc5 15. Qc2 {[%emt 0:00:30]} Nf6 16. Rad1 {[%emt 0:00:30]} Rad8 17. Rfe1 {[%emt 0:00:30]} Rfe8 18. Qb1 {[%emt 0:00:30]} Nfe4 19. N2f3 {[%emt 0:00:30]} d5 20. cxd5 {[%emt 0:00:30]} Rxd5 $11 21. Qa1 {[%emt 0:00:30]} Ne6 22. Nxe6 {[%emt 0:00:30]} Bxe6 23. Nd4 {[%emt 0:00:30]} Qd7 24. Bf1 {[%emt 0:00:30]} Bf7 25. Bc4 {[%emt 0:00:30]} Rd6 26. Be2 {[%emt 0:00:30]} Qc8 27. Nf3 {[%emt 0:00:30]} Bxb2 28. Qxb2 {[%emt 0:00:30]} Bd5 29. Ne5 {[%emt 0:00:30]} f4 30. Rxd5 {[%emt 0:00:30]} Rxd5 31. Bc4 {[%emt 0:00:30]} Qf5 32. exf4 {[%emt 0:00:30]} g5 33. Qd4 {[%emt 0:00:30]} Red8 34. Rxe4 {[%emt 0:00:30]} 1-0

[Event "Weekend Groninger Combinatie 2019"]
[Site "Groningen"]
[Date "2019.05.31"]
[Round "2.12"]
[White "Enserink, Henk"]
[Black "Rupert, Casper"]
[Result "1-0"]
[WhiteElo "1794"]
[BlackElo "2022"]
[Annotator "NA RC"]
[PlyCount "55"]
[EventDate "2019.05.30"]
[EventType "swiss"]
[EventCountry "NED"]
[SourceTitle "playchess.com"]
[Source "ChessBase"]
[SourceQuality "1"]
[TimeControl "5400+30"]

1. e4 {[%emt 1:30:30]} e6 {[%emt 0:00:00]} 2. Nf3 {[%emt 0:00:30]} d5 {[%emt 0:00:30]} 3. exd5 {[%emt 0:00:30]} exd5 {[%emt 0:00:30]} 4. d4 {[%emt 0:00:30]} Bg4 {[%emt 0:00:30]} 5. c4 {[%emt 0:00:30]} Bb4+ {[%emt 0:00:30]} 6. Nc3 {[%emt 0:00:30]} Qe7+ {[%emt 0:00:30]} 7. Be3 {[%emt 0:00:30]} Nf6 {[%emt 0:00:30]} 8. a3 {[%emt 0:00:30]} Bxc3+ {[%emt 0:00:30]} 9. bxc3 {[%emt 0:00:30]} Nbd7 {[%emt 0:00:30]} 10. h3 {[%emt 0:00:30]} Bh5 {[%emt 0:00:30]} 11. Be2 {[%emt 0:00:30]} O-O {[%emt 0:00:30]} 12. O-O {[%emt 0:00:30]} dxc4 {[%emt 0:00:30]} 13. Bxc4 {[%emt 0:00:30]} Nb6 {[%emt 0:00:30]} 14. Bb3 {[%emt 0:00:30]} Nbd5 {[%emt 0:00:30]} 15. Bd2 {[%emt 0:00:30]} Qe4 {[%emt 0:00:30]} 16. c4 {[%emt 0:00:30]} Nb6 {[%emt 0:00:30]} 17. Re1 {[%emt 0:00:30]} Bxf3 {[%emt 0:00:30]} 18. Qxf3 {[%emt 0:00:30]} Qxd4 {[%emt 0:00:30]} 19. Bc3 {[%emt 0:00:30]} Qh4 {[%emt 0:00:30]} 20. Qxb7 {[%emt 0:00:30]} c5 {[%emt 0:00:30]} 21. Re3 {[%emt 0:00:30]} Nbd5 {[%emt 0:00:30]} 22. cxd5 {[%emt 0:00:30]} Rab8 {[%emt 0:00:30]} 23. Qe7 {[%emt 0:00:30]} Rfe8 {[%emt 0:00:30]} 24. Bxf6 {[%emt 0:00:30]} gxf6 {[%emt 0:00:30]} 25. Qxe8+ {[%emt 0:00:30]} Rxe8 {[%emt 0:00:30]} 26. Rxe8+ {[%emt 0:00:30]} Kg7 {[%emt 0:00:30]} 27. d6 {[%emt 0:00:30]} c4 {[%emt 0:00:30]} 28. d7 {[%emt 0:00:30]} 1-0

[Event "Weekend Groninger Combinatie 2019"]
[Site "Groningen"]
[Date "2019.05.31"]
[Round "3.1"]
[White "De Boer, Bas"]
[Black "Maris, Ivo"]
[Result "0-1"]
[WhiteElo "2095"]
[BlackElo "2386"]
[Annotator "ChessBase"]
[PlyCount "74"]
[EventDate "2019.05.30"]
[EventType "swiss"]
[EventCountry "NED"]
[SourceTitle "playchess.com"]
[Source "ChessBase"]
[SourceQuality "1"]
[TimeControl "5400+30"]

1. Nf3 {[%emt 0:00:00]} g6 {[%emt 0:03:18]} 2. c4 {[%emt 0:00:00]} Bg7 {[%emt 0:00:06]} 3. Nc3 {[%emt 0:00:00]} d6 {[%emt 0:01:24]} 4. g3 {[%emt 0:01:11]} Nf6 {[%emt 0:01:31]} 5. d4 {[%emt 0:00:13]} O-O {[%emt 0:00:07]} 6. Bg2 {[%emt 0:00:03]} Nbd7 {[%emt 0:00:06]} 7. O-O {[%emt 0:00:20]} e5 {[%emt 0:00:03]} 8. e4 {[%emt 0:00:52]} h6 {[%emt 0:00:17]} 9. h3 {[%emt 0:02:17]} Nh7 {[%emt 0:00:19]} 10. Be3 {[%emt 0:03:35]} Ng5 {[%emt 0:00:18]} 11. Nxg5 {[%emt 0:03:02]} hxg5 {[%emt 0:02:08]} 12. Qd2 {[%emt 0:00:24]} exd4 {[%emt 0:06:20]} 13. Bxd4 {[%emt 0:00:17]} Ne5 {[%emt 0:01:50]} 14. b3 {[%emt 0:04:33]} c5 {[%emt 0:00:46]} 15. Bxe5 {[%emt 0:09:06]} Bxe5 {[%emt 0:05:30]} 16. Rad1 {[%emt 0:00:34]} g4 {[%emt 0:04:21]} 17. hxg4 {[%emt 0:04:19]} Bxg4 {[%emt 0:00:10]} 18. f3 {[%emt 0:03:16]} Bd4+ {[%emt 0:00:52]} 19. Kh2 {[%emt 0:00:45]} Qf6 {[%emt 0:01:17]} 20. Qh6 {[%emt 0:04:44]} Bxc3 {[%emt 0:02:08]} 21. fxg4 {[%emt 0:00:20]} Qg7 {[%emt 0:00:29]} 22. Qxg7+ {[%emt 0:02:15]} Kxg7 {[%emt 0:01:01]} 23. Rxd6 {[%emt 0:00:16]} Rh8+ {[%emt 0:00:24]} 24. Bh3 {[%emt 0:00:06]} Rad8 {[%emt 0:01:31]} 25. Rfd1 {[%emt 0:02:10]} Rde8 {[%emt 0:04:00]} 26. Kg2 {[%emt 0:00:40]} Rxe4 {[%emt 0:00:19]} 27. Kf3 {[%emt 0:01:26]} Re5 {[%emt 0:02:33]} 28. Bf1 {[%emt 0:01:11]} Rh2 {[%emt 0:00:46]} 29. Bg2 {[%emt 0:00:21]} Bd4 {[%emt 0:01:14]} 30. Rd2 {[%emt 0:05:03]} Re3+ {[%emt 0:02:22]} 31. Kf4 {[%emt 0:00:09]} Re1 {[%emt 0:00:05]} 32. Kf3 {[%emt 0:00:40]} Kh6 {[%emt 0:02:19]} 33. Rd8 {[%emt 0:03:42]} Kg5 {[%emt 0:02:13]} 34. Rd5+ {[%emt 0:01:15]} f5 {[%emt 0:00:07]} 35. gxf5 {[%emt 0:00:13]} gxf5 {[%emt 0:00:35]} 36. Rd8 {[%emt 0:03:52]} Re3+ {[%emt 0:00:31]} 37. Kf2 {[%emt 0:00:18]} Rd3+ {[%emt 0:00:18]} 0-1

[Event "Weekend Groninger Combinatie 2019"]
[Site "Groningen"]
[Date "2019.05.31"]
[Round "3.2"]
[White "Pel, Bonno"]
[Black "Elgersma, Simon"]
[Result "0-1"]
[WhiteElo "2260"]
[BlackElo "2088"]
[Annotator "ChessBase"]
[PlyCount "58"]
[EventDate "2019.05.30"]
[EventType "swiss"]
[EventCountry "NED"]
[SourceTitle "playchess.com"]
[Source "ChessBase"]
[SourceQuality "1"]
[TimeControl "5400+30"]

1. g3 {[%emt 0:00:49]} g6 {[%emt 0:00:35]} 2. Bg2 {[%emt 0:00:12]} Bg7 {[%emt 0:00:34]} 3. e4 {[%emt 0:00:25]} d6 {[%emt 0:00:26]} 4. d4 {[%emt 0:00:24]} Nf6 {[%emt 0:00:29]} 5. Nc3 {[%emt 0:00:35]} O-O {[%emt 0:00:08]} 6. Nge2 {[%emt 0:00:29]} Nbd7 {[%emt 0:00:28]} 7. O-O {[%emt 0:00:36]} e5 {[%emt 0:00:20]} 8. h3 {[%emt 0:01:42]} c6 {[%emt 0:02:08]} 9. a4 {[%emt 0:01:32]} a5 {[%emt 0:05:13]} 10. b3 {[%emt 0:01:14]} Re8 {[%emt 0:08:14]} 11. Ba3 {[%emt 0:08:36]} exd4 {[%emt 0:05:56]} 12. Nxd4 {[%emt 0:01:49]} Nc5 {[%emt 0:00:17]} 13. Re1 {[%emt 0:02:04]} Qb6 {[%emt 0:09:32]} 14. Bb2 {[%emt 0:04:48]} Nh5 {[%emt 0:11:36]} 15. Kh2 {[%emt 0:13:31]} Nxb3 {[%emt 0:04:47]} 16. Nxb3 {[%emt 0:15:26]} Qxf2 {[%emt 0:00:10]} 17. Qd3 {[%emt 0:02:19]} Be5 {[%emt 0:15:53]} 18. Re3 {[%emt 0:01:19]} Bxh3 {[%emt 0:02:18]} 19. Rg1 {[%emt 0:15:59]} Bxg2 {[%emt 0:17:31]} 20. Rxg2 {[%emt 0:00:46]} Qf6 {[%emt 0:00:11]} 21. Nd2 {[%emt 0:03:49]} Qg5 {[%emt 0:06:49]} 22. Nc4 {[%emt 0:02:38]} Bg7 {[%emt 0:02:32]} 23. Rf3 {[%emt 0:02:32]} Rad8 {[%emt 0:01:29]} 24. Rf1 {[%emt 0:02:06]} Nf6 {[%emt 0:00:44]} 25. Kg1 {[%emt 0:09:03]} Ng4 {[%emt 0:00:26]} 26. Rf4 {[%emt 0:01:18]} Qc5+ {[%emt 0:00:45]} 27. Rff2 {[%emt 0:03:06]} d5 {[%emt 0:01:18]} 28. Nd2 {[%emt 0:02:19]} dxe4 {[%emt 0:02:08]} 29. Ndxe4 {[%emt 0:00:22]} Rxd3 {[%emt 0:00:07]} 0-1

[Event "Weekend Groninger Combinatie 2019"]
[Site "Groningen"]
[Date "2019.05.31"]
[Round "3.3"]
[White "Hoeksema, Hendrik Pieter"]
[Black "Keuning, Selwin"]
[Result "1-0"]
[WhiteElo "2349"]
[BlackElo "2070"]
[Annotator "ChessBase"]
[PlyCount "101"]
[EventDate "2019.05.30"]
[EventType "swiss"]
[EventCountry "NED"]
[SourceTitle "playchess.com"]
[Source "ChessBase"]
[SourceQuality "1"]
[TimeControl "5400+30"]

1. c4 {[%emt 0:00:00]} c5 {[%emt 0:00:00]} 2. Nf3 {[%emt 0:00:44]} Nc6 {[%emt 0:00:00]} 3. b3 {[%emt 0:02:21]} e5 {[%emt 0:02:15]} 4. Nc3 {[%emt 0:01:01]} g6 {[%emt 0:00:36]} 5. g3 {[%emt 0:11:50]} Bg7 {[%emt 0:00:19]} 6. Bg2 {[%emt 0:00:06]} Nge7 {[%emt 0:03:36]} 7. O-O {[%emt 0:01:11]} O-O {[%emt 0:00:26]} 8. Bb2 {[%emt 0:12:54]} d6 {[%emt 0:02:39]} 9. e3 {[%emt 0:00:54]} h6 {[%emt 0:07:35]} 10. Ne1 {[%emt 0:06:56]} Be6 {[%emt 0:05:42]} 11. Nd5 {[%emt 0:00:19]} Rb8 {[%emt 0:03:46]} 12. Nc2 {[%emt 0:03:23]} b5 {[%emt 0:08:21]} 13. d3 {[%emt 0:01:17]} Qd7 {[%emt 0:02:35]} 14. f4 {[%emt 0:02:01]} f6 {[%emt 0:07:18]} 15. Qd2 {[%emt 0:02:38]} Kh7 {[%emt 0:06:00]} 16. Rf2 {[%emt 0:03:21]} Bh3 {[%emt 0:11:51]} 17. Raf1 {[%emt 0:03:59]} Bxg2 {[%emt 0:02:26]} 18. Kxg2 {[%emt 0:00:17]} f5 {[%emt 0:05:37]} 19. Ne1 {[%emt 0:03:12]} b4 {[%emt 0:13:36]} 20. Qc2 {[%emt 0:09:09]} Qe6 {[%emt 0:02:10]} 21. e4 {[%emt 0:09:02]} exf4 {[%emt 0:10:26]} 22. Nxf4 {[%emt 0:02:16]} Qf7 {[%emt 0:00:10]} 23. Nf3 {[%emt 0:00:23]} Ne5 {[%emt 0:01:07]} 24. Nxe5 {[%emt 0:01:26]} Bxe5 {[%emt 0:01:04]} 25. Bxe5 {[%emt 0:00:58]} dxe5 {[%emt 0:00:01]} 26. Nd5 {[%emt 0:00:09]} Nc6 {[%emt 0:01:06]} 27. exf5 {[%emt 0:04:06]} gxf5 {[%emt 0:00:05]} 28. Rxf5 {[%emt 0:01:47]} Qxf5 {[%emt 0:00:57]} 29. Rxf5 {[%emt 0:00:05]} Rxf5 {[%emt 0:00:02]} 30. Qe2 {[%emt 0:00:13]} Rbf8 {[%emt 0:01:03]} 31. Qe4 {[%emt 0:00:10]} Kg7 {[%emt 0:00:15]} 32. Ne3 {[%emt 0:00:23]} R5f6 {[%emt 0:01:07]} 33. Ng4 {[%emt 0:02:48]} Re6 {[%emt 0:00:17]} 34. Qd5 {[%emt 0:00:19]} Rfe8 {[%emt 0:01:31]} 35. Qxc5 {[%emt 0:00:16]} a5 {[%emt 0:00:15]} 36. Qd5 {[%emt 0:01:21]} R8e7 {[%emt 0:01:02]} 37. Nf2 {[%emt 0:01:05]} Kf8 {[%emt 0:00:37]} 38. Ne4 {[%emt 0:00:14]} Nd4 {[%emt 0:00:21]} 39. Qxa5 {[%emt 0:00:20]} Nc2 {[%emt 0:00:12]} 40. Qc5 {[%emt 0:03:38]} Kg7 {[%emt 0:00:22]} 41. Nd6 {[%emt 0:01:13]} Kg6 {[%emt 0:00:52]} 42. Qc6 {[%emt 0:01:16]} Rf6 {[%emt 0:00:48]} 43. Qe4+ {[%emt 0:01:46]} Kg7 {[%emt 0:00:03]} 44. c5 {[%emt 0:00:09]} Nd4 {[%emt 0:00:18]} 45. h4 {[%emt 0:01:36]} Kg8 {[%emt 0:00:56]} 46. Qa8+ {[%emt 0:00:34]} Kh7 {[%emt 0:00:16]} 47. Ne4 {[%emt 0:01:02]} Rg6 {[%emt 0:00:26]} 48. Qf8 {[%emt 0:00:28]} Rge6 {[%emt 0:00:52]} 49. Nf6+ {[%emt 0:01:31]} Kg6 {[%emt 0:00:05]} 50. Ne4 {[%emt 0:02:27]} Re8 {[%emt 0:00:15]} 51. h5+ {[%emt 0:00:33]} 1-0

[Event "Weekend Groninger Combinatie 2019"]
[Site "Groningen"]
[Date "2019.05.31"]
[Round "3.4"]
[White "Schulz, Daniel"]
[Black "Ernst, Sipke"]
[Result "0-1"]
[WhiteElo "2092"]
[BlackElo "2540"]
[Annotator "TA"]
[PlyCount "66"]
[EventDate "2019.05.30"]
[EventType "swiss"]
[EventCountry "NED"]
[SourceTitle "playchess.com"]
[Source "ChessBase"]
[SourceQuality "1"]

{[%evp 22,78,24,0,0,-50,31,8,0,9,0,0,0,1,6,6,0,-54,-24,-95,-66,-74,-56,-74,-58,-81,-60,-152,-161,-222,-218,-217,-222,-391,-389,-388,-392,-375,-369,-373,-374,-379,-381,-375,-328,-418,-404,-421,-413,-462,-430,-498,-497,-464,-435,-584,-585,-584,-584]} 1. Nf3 Nf6 2. c4 g6 3. d4 Bg7 4. g3 c5 5. d5 O-O 6. Nc3 e6 7. Bg2 exd5 8. cxd5 d6 9. O-O Re8 10. Nd2 a6 11. a4 Nbd7 12. h3 b6 {A64: Modern Benoni: Fianchetto Variation: 9...Nbd7 10 Nd2 a6 11 a4 Re8} (12... Rb8 13. Nc4 Ne5 14. Na3 Nh5 15. e4 Bd7 16. g4 Nf6 17. g5 Nh5 18. f4 b5 19. fxe5 b4 20. Nc4 bxc3 21. bxc3 Bxe5 22. Qf3 f5 23. gxf6 Qxf6 24. Nxe5 Qxe5 {0-1 (60) So,W (2812)-Nakamura,H (2785) Stavanger 2017}) 13. Kh2 Nh5 $146 ({Black should try} 13... Rb8 $15) ({Predecessor:} 13... Rb8 14. Nc4 Qc7 15. Bf4 Bf8 16. Na3 Nh5 17. Bd2 f5 18. e4 fxe4 19. Nxe4 b5 20. Ng5 {1-0 (32) Abbasov,F (2519)-Durarbayli,V (2392) Baku 2008}) 14. Nce4 Ne5 {The position is equal.} 15. f4 f5 16. Ng5 Nf7 17. Ne6 Bxe6 18. dxe6 Rxe6 {And now ...d5 would win.} 19. Nc4 (19. e4 $11 Qe7 20. exf5) 19... Rb8 {[#]} 20. Ne3 (20. e4 $1 $11 {[%mdl 512] remains equal.} Rxe4 (20... fxe4 21. f5) 21. Bxe4 fxe4 22. Ne3) 20... Qe8 21. Ra3 $1 Nf6 (21... Bxb2 $5 22. Bxb2 Rxe3 23. Rxe3 Qxe3 $17) 22. Re1 Ne4 $36 {[%mdl 2048] White is under pressure.} 23. Nd5 Qc6 24. Nc3 (24. e3 $15) 24... Bxc3 $17 25. bxc3 (25. Rxc3 {keeps fighting.} d5 26. Rd3) 25... d5 $19 26. Qd3 Nfd6 27. Qxa6 $2 {[#]} (27. g4) 27... Nc4 28. Rb3 Ra8 29. Qb5 Rxa4 30. Qxc6 Rxc6 31. Bf3 Kf7 32. g4 Kf6 33. h4 fxg4 {Played: Ra4-a2} 0-1

[Event "Weekend Groninger Combinatie 2019"]
[Site "Groningen"]
[Date "2019.05.31"]
[Round "3.5"]
[White "Knol, Geon"]
[Black "Wempe, Joost"]
[Result "0-1"]
[WhiteElo "2082"]
[BlackElo "2261"]
[Annotator "ChessBase"]
[PlyCount "80"]
[EventDate "2019.05.30"]
[EventType "swiss"]
[EventCountry "NED"]
[SourceTitle "playchess.com"]
[Source "ChessBase"]
[SourceQuality "1"]
[TimeControl "5400+30"]

1. e4 {[%emt 0:08:03]} e6 {[%emt 0:00:14]} 2. d4 {[%emt 0:00:24]} d5 {[%emt 0:00:09]} 3. Bd3 {[%emt 0:00:10]} dxe4 {[%emt 0:00:32]} 4. Bxe4 {[%emt 0:00:08]} Nf6 {[%emt 0:00:06]} 5. Bf3 {[%emt 0:00:03]} c5 {[%emt 0:00:07]} 6. Ne2 {[%emt 0:01:52]} Nc6 {[%emt 0:00:14]} 7. c3 {[%emt 0:01:44]} e5 {[%emt 0:00:16]} 8. Bxc6+ {[%emt 0:01:12]} bxc6 {[%emt 0:00:06]} 9. O-O {[%emt 0:00:02]} Bd6 {[%emt 0:01:45]} 10. dxe5 {[%emt 0:01:13]} Bxe5 {[%emt 0:00:07]} 11. Qxd8+ {[%emt 0:00:10]} Kxd8 {[%emt 0:00:06]} 12. Bf4 {[%emt 0:05:38]} Re8 {[%emt 0:00:44]} 13. Rd1+ {[%emt 0:02:56]} Kc7 {[%emt 0:00:29]} 14. Nd2 {[%emt 0:02:23]} Bg4 {[%emt 0:15:43]} 15. Nf3 {[%emt 0:04:15]} Bxf3 {[%emt 0:12:29]} 16. gxf3 {[%emt 0:00:06]} Nd5 {[%emt 0:00:23]} 17. Bg3 {[%emt 0:08:06]} f5 {[%emt 0:06:44]} 18. Bxe5+ {[%emt 0:05:25]} Rxe5 {[%emt 0:00:09]} 19. Nc1 {[%emt 0:01:40]} c4 {[%emt 0:09:44]} 20. h4 {[%emt 0:14:05]} Rb8 {[%emt 0:04:41]} 21. Rd2 {[%emt 0:02:57]} Rbe8 {[%emt 0:11:25]} 22. b3 {[%emt 0:05:33]} Re1+ {[%emt 0:00:35]} 23. Kh2 {[%emt 0:00:26]} cxb3 {[%emt 0:02:13]} 24. axb3 {[%emt 0:11:15]} Nxc3 {[%emt 0:01:25]} 25. Rxa7+ {[%emt 0:05:38]} Kb6 {[%emt 0:00:04]} 26. Nd3 {[%emt 0:01:42]} Kxa7 {[%emt 0:01:15]} 27. Nxe1 {[%emt 0:00:54]} Rxe1 {[%emt 0:00:15]} 28. Rc2 {[%emt 0:03:36]} Nd5 {[%emt 0:02:23]} 29. Rxc6 {[%emt 0:00:05]} Kb7 {[%emt 0:01:19]} 30. Rc5 {[%emt 0:02:02]} Rd1 {[%emt 0:00:14]} 31. f4 {[%emt 0:05:18]} Rd3 {[%emt 0:01:23]} 32. b4 {[%emt 0:02:03]} g6 {[%emt 0:03:23]} 33. Rc4 {[%emt 0:02:39]} Rc3 {[%emt 0:01:21]} 34. Rd4 {[%emt 0:01:40]} Kc6 {[%emt 0:00:08]} 35. h5 {[%emt 0:00:59]} Rb3 {[%emt 0:00:40]} 36. Rc4+ {[%emt 0:00:51]} Kd7 {[%emt 0:01:15]} 37. Rd4 {[%emt 0:00:45]} Kd6 {[%emt 0:00:30]} 38. h6 {[%emt 0:00:29]} Rxb4 {[%emt 0:00:16]} 39. Rd2 {[%emt 0:00:30]} Rxf4 {[%emt 0:00:08]} 40. Kg3 {[%emt 0:00:07]} Rg4+ {[%emt 0:00:14]} 0-1